Type the Days of the Week in 15 Seconds - Statistics

General Stats
  • This quiz has been taken 26,281 times
    26,274 since last reset
  • The average score is 6 of 7
Answer Stats
Day % Correct
Monday
99%
Tuesday
93%
Wednesday
84%
Thursday
77%
Friday
75%
Sunday
67%
Saturday
65%
No matching quizzes found
Score Distribution
Percent of People with Each Score
Percentile by Number Answered
Your Score History
You have not taken this quiz since the last reset